000 00477nam a22001457a 4500
005 20260311101233.0
008 260311b |||||||| |||| 00| 0 eng d
050 _aTHE TS 161 .K4K43 2016
_b1
100 _aKEBENEI PRUDENCE,JEPKOECH
245 _aEFFECTS OF GREEN SUPPLY CHAIN MANAGEMENT ON ORGANIZATIONAL PRODUCTIVITY;A SURVEY OF TEXTILE INDUSTRIES IN ELDORET
260 _aKISII
_bKSU
_c2016
300 _aXiv,71P;ILL
500 _aINCLUDES REFERENCES
942 _2lcc
_cREF
999 _c216821
_d216821